| 000 | 00860nam a2200277 a 4500 | ||
|---|---|---|---|
| 003 | OSt | ||
| 005 | 20210818181854.0 | ||
| 008 | 131118s2014 sp gr 0001f spa d | ||
| 020 | _a9788427201187 | ||
| 040 | _bspa | ||
| 041 | 1 |
_aspa _heng |
|
| 082 | 0 | 4 |
_a813.54 _bR845d |
| 100 | 1 |
_aRoth, Veronica, _d1988- |
|
| 245 | 1 | 0 |
_aDivergente _cVeronica Roth ; traducción de Pilar Ramírez Tello. |
| 250 | _a22a. ed. | ||
| 260 |
_aBarcelona _bRBA Libros _c2014 |
||
| 300 |
_a463 páginas _c21 cm. |
||
| 534 |
_pTítulo original : _tDivergent. |
||
| 650 | _aNovela estadounidense. | ||
| 650 |
_aFamilia _v Novela. |
||
| 650 |
_aClases sociales _v Novela. |
||
| 650 | 4 | _aNovela de ciencia ficción. | |
| 650 | 4 |
_aValentía _v Novela. |
|
| 700 | 1 |
_aRamírez Tello, Pilar, _etraductora |
|
| 942 |
_2ddc _h813.54 R845d _k813.54 _mR845d |
||
| 999 |
_c13034 _d13034 |
||